Breve historia de China / (Record no. 186452)

MARC details
000 -LEADER
campo de control de longitud fija 00766nam a2200241 i 4500
001 - NÚMERO DE CONTROL
campo de control 186452
003 - IDENTIFICADOR DE NÚMERO DE CONTROL
campo de control SpMaBN
005 - FECHA Y HORA DE LA ÚLTIMA TRANSACCIÓN
campo de control 20260525062936.0
008 - DATOS DE LONGITUD FIJA--INFORMACIÓN GENERAL
campo de control de longitud fija 161114s1966 sp b |||| | spa d
080 ## - NÚMERO DE LA CLASIFICACIÓN DECIMAL UNIVERSAL
Número de la Clasificación Decimal Universal 94(510)
100 1# - ENTRADA PRINCIPAL--NOMBRE DE PERSONA
Nombre de persona Lattimore, Owen.
9 (RLIN) 161236
245 10 - MENCIÓN DEL TÍTULO
Título Breve historia de China /
Mención de responsabilidad, etc. Owen y Eleanor Lattimore ; [traducido por León Mirlas].
250 ## - MENCION DE EDICION
Mención de edición 3ª ed.
260 ## - PUBLICACIÓN, DISTRIBUCIÓN, ETC.
Lugar de publicación, distribución, etc. [Madrid] :
Nombre del editor, distribuidor, etc. Espasa-Calpe,
Fecha de publicación, distribución, etc. 1966.
300 ## - DESCRIPCIÓN FÍSICA
Extensión 207 p. :
Otras características físicas mapas ;
Dimensiones 18 cm.
490 1# - MENCIÓN DE SERIE
Mención de serie Colección austral ;
Designación de volumen o secuencia 994
651 #7 - PUNTO DE ACCESO ADICIONAL DE MATERIA--NOMBRE GEOGRÁFICO
Nombre geográfico China-
Subdivisión general Historia.
9 (RLIN) 145406
700 1# - ENTRADA AGREGADA--NOMBRE PERSONAL
Nombre de persona Lattimore, Eleanor.
9 (RLIN) 161237
700 1# - ENTRADA AGREGADA--NOMBRE PERSONAL
Nombre de persona Mirlas, León.
9 (RLIN) 81594
830 0# - PUNTO DE ACCESO ADICIONAL DE SERIE-TÍTULO UNIFORME
Título uniforme Colección austral
Designación de volumen o secuencia 994
9 (RLIN) 177655
852 ## - LOCALIZACIÓN
Ubicación ES-MaACL
Número de control de estantería L-30806
Nota libre . - Donat. Miguel A. Velasco
Holdings
Estatus retirado Estado de pérdida Estado de daño No para préstamo Biblioteca de origen Biblioteca actual Ubicación en estantería Fecha de adquisición Fuente de adquisición Total de préstamos Signatura topográfica completa Código de barras Visto por última vez Precio de reemplazo Tipo de ítem Koha
        Biblioteca del Ateneo de Madrid Biblioteca del Ateneo de Madrid Depósito 2 14/11/2016     L-30806 1196617 23/02/2023 23/02/2023 Libro impreso